000 00551nam a2200217Ia 4500
003 OSt
005 20220926042123.0
006 a|||||r|||| 00| 0
007 ta
008 220923b |||||||| |||| 00| 0 eng d
037 _cGeneral Book
040 _aRTL
_cRTL
_beng
041 _2eng
_aeng
082 _aX81:8, J9 D&W
100 _aDinsdale W A
_9151831
245 0 _aInsurance administration
260 _c1959
650 _aInsurance
_9186169
942 _hX81:8, J9 D&W
_cGB
_2CC
999 _c668927
_d668927